Pengangkutan moden

Bibliographic Details
Main Author: Siti Mariam Elias
Other Authors: Siti Zawiyah Zakaria
Format: Book
Published: Selangor : Impiana Publications & Distributors , 2005
Subjects:

MARC

LEADER 00000cam a2200000 7i4500
001 0000007330
005 20151222.0
008 070829
020 |a 9833298001(set) 
020 |a 9833298036 
090 0 0 |a G MAL 
100 0 |a Siti Mariam Elias 
245 1 0 |a Pengangkutan moden   |c Siti Mariam Elias & Siti Zawiyah Zakaria 
260 |a Selangor :   |b Impiana Publications & Distributors ,   |c 2005 
500 |a Children ages 10-12 years old (pink) 
650 0 |a Transportation   |z Malaysia   |x Juvenile literature 
700 0 |a Siti Zawiyah Zakaria 
999 |a 0000983548   |b Book   |c Children Collection   |e Perbadanan Perpustakaan Awam Johor 
999 |a 0000983549   |b Book   |c Children Collection   |e Perbadanan Perpustakaan Awam Johor 
999 |a 0000983550   |b Book   |c Children Collection   |e Cawangan Segamat 
999 |a 0000983551   |b Book   |c Children Collection   |e Perbadanan Perpustakaan Awam Johor 
999 |a 0000983552   |b Book   |c Children Collection   |e Cawangan Pontian